Văn học Việt Nam thế kỷ XX Q.1, T.XII tiểu thuyết trước 1945

Đã lưu trong:
書目詳細資料
其他作者: Mai Quốc Liên (sưu tầm biên soạn), Chu Giang (sưu tầm biên soạn)
格式: 圖書
語言:Vietnamese
出版: H. Văn học 2003
主題:
標簽: 添加標簽
沒有標簽, 成為第一個標記此記錄!
Thư viện lưu trữ: Mạng thư viện Đại học Đà Nẵng
LEADER 01283nam a2200361 4500
001 000005713
003 1861
005 20110825110808.0
008 110819s2003 viesd
020 |c 0 
041 0 |a vie 
082 |a 895.9223  |b VAN 
245 1 0 |a Văn học Việt Nam thế kỷ XX  |c Mai Quốc Liên chủ biên  |n Q.1, T.XII  |p tiểu thuyết trước 1945 
260 |a H.  |b Văn học  |c 2003 
300 |a 1208 tr.  |b chân dung  |c 24 cm 
504 |a Q.1, T.12: tiểu thuyết trước 1945 
653 |a Văn học Việt Nam 
653 |a tiểu thuyết 
653 |a Nghiên cứu văn học 
700 |a Mai Quốc Liên  |e sưu tầm biên soạn 
700 |a Chu Giang  |e sưu tầm biên soạn 
773 |t Văn học Việt Nam thế kỷ XX  |w 1848 
910 |a Thu Sương  |d 19/8/2011 
OWN |a LSP 
AVA |a UDN50  |b LSP  |d 895.9223 VAN  |e available  |t Error 5001 Not defined in file expand_doc_bib_avail.  |f 4  |g 0  |h N  |i 0  |k 1 
999 |a From the UDN01 
AVA |a UDN50  |b LSP  |d 895.9223 VAN  |e available  |t Error 5001 Not defined in file expand_doc_bib_avail.  |f 4  |g 0  |h N  |i 0  |k 1 
TYP |a Monograph 
TYP |a Printed language 
980 |a Mạng thư viện Đại học Đà Nẵng